00742nam a2200217Ii 45000010005000000030009000050080041000140400033000550410008000880820018000961000031001142450023001452640058001683000012002263360026002383370028002643380027002929400050003199990017003699520138003862434CO-ViMGA241108s9999||||xx |||||||||||||| ||und|| aCO-ViMGAbspaerdacCO-ViMGA0 aspa04aV863.6 - U75o1 aArturo Urlar Pietri94503210aOficio de difuntos 1aBogotá, Colombia : Círculo de Lectores S.A., 1976 avolumen atextbtxt2rdacontent aunmediatedbn2rdamedia avolumebnc2rdacarrier aidficha_siabuc: 2386. -- ficha_no_siabuc:2434 c39514d39514 001040708001aMEVIGERRbMEVIGERRcGENd2006-03-21oV863.6 - U75opECA16842r2024-11-25 15:06:40tEj.1w2024-11-25yBKz2386 | 2838